УИРС. Часть 1 (профиль Инженерия теплоэнергетики и теплотехники) / ДО 2018 (13.03.01): электронный курс
| Main Author: | |
|---|---|
| Corporate Author: | |
| Summary: | Заглавие с экрана Дисциплина «Учебно-исследовательская работа студентов», часть 1 относится к вариативной части междисциплинарного профессионального модуля дисциплин направления 13.03.01 «Теплоэнергетика и теплотехника». При изучении дисциплины студенты знакомятся с современной методологией учебного исследования, овладевают методами сбора, анализа и обработки информации, приобретают умение излагать полученные результаты в виде отчета. Рассматриваются назначение, конструкции, принцип работы, способы регулирования производительности и схемы включения насосных установок, тягодутьевых машин и золоуловителей, а также вопросы, связанные с гидравлическим и конструкторским расчетами. Особое внимание уделяется характеристикам, конструкциям и принципу действия центробежных и осевых насосов, дымососов, вентиляторов, скрубберов и батарейных циклонов, а также методике расчета параметров и процессу образования кавитации в центробежном насосе. Курс содержит методические указания, требования к оформлению отчёта и презентации по ИДЗ. Доступ по логину и паролю |
| Language: | Russian |
| Published: |
Томск, TPU Moodle, 2019
|
| Subjects: | |
| Online Access: | https://design.lms.tpu.ru/course/view.php?id=3061 |
| Format: | Electronic Book |
| KOHA link: | https://koha.lib.tpu.ru/cgi-bin/koha/opac-detail.pl?biblionumber=660392 |
MARC
| LEADER | 00000nlm0a2200000 4500 | ||
|---|---|---|---|
| 001 | 660392 | ||
| 005 | 20231102030413.0 | ||
| 035 | |a (RuTPU)RU\TPU\network\29793 | ||
| 035 | |a RU\TPU\network\29792 | ||
| 090 | |a 660392 | ||
| 100 | |a 20190626d2019 m y0rusy50 ca | ||
| 101 | 0 | |a rus | |
| 102 | |a RU | ||
| 105 | |a a j 000zy | ||
| 135 | |a jrcn ---uucaa | ||
| 181 | 0 | |a i | |
| 182 | 0 | |a b | |
| 200 | 1 | |a УИРС. Часть 1 (профиль Инженерия теплоэнергетики и теплотехники) / ДО 2018 (13.03.01) |e электронный курс |f С. А. Цибульский |g Национальный исследовательский Томский политехнический университет, Инженерная школа энергетики, Научно-образовательный центр И. Н. Бутакова (НОЦ И. Н. Бутакова) | |
| 203 | |a Текст |c электронный | ||
| 210 | |a Томск |c TPU Moodle |d 2019 | ||
| 230 | |a Электрон. дан. | ||
| 300 | |a Заглавие с экрана | ||
| 330 | |a Дисциплина «Учебно-исследовательская работа студентов», часть 1 относится к вариативной части междисциплинарного профессионального модуля дисциплин направления 13.03.01 «Теплоэнергетика и теплотехника». При изучении дисциплины студенты знакомятся с современной методологией учебного исследования, овладевают методами сбора, анализа и обработки информации, приобретают умение излагать полученные результаты в виде отчета. Рассматриваются назначение, конструкции, принцип работы, способы регулирования производительности и схемы включения насосных установок, тягодутьевых машин и золоуловителей, а также вопросы, связанные с гидравлическим и конструкторским расчетами. Особое внимание уделяется характеристикам, конструкциям и принципу действия центробежных и осевых насосов, дымососов, вентиляторов, скрубберов и батарейных циклонов, а также методике расчета параметров и процессу образования кавитации в центробежном насосе. Курс содержит методические указания, требования к оформлению отчёта и презентации по ИДЗ. | ||
| 333 | |a Доступ по логину и паролю | ||
| 606 | 1 | |a Промышленная энергетика |2 stltpush |3 (RuTPU)RU\TPU\subj\52252 |9 70738 | |
| 610 | 1 | |a электронный ресурс | |
| 610 | 1 | |a труды учёных ТПУ | |
| 610 | 1 | |a электронное обучение | |
| 610 | 1 | |a электронные курсы ТПУ | |
| 610 | 1 | |a электронные учебные пособия | |
| 610 | 1 | |a учебно-исследовательская работа | |
| 610 | 1 | |a УИРС | |
| 610 | 1 | |a лопастные машины | |
| 610 | 1 | |a нагнетатели | |
| 610 | 1 | |a насосное оборудование | |
| 610 | 1 | |a вентиляторы | |
| 610 | 1 | |a дымососы | |
| 610 | 1 | |a защита | |
| 675 | |a 658.26(075.8) |v 4 | ||
| 700 | 1 | |a Цибульский |b С. А. |c специалист в области энергетики |c ассистент Томского политехнического университета |f 1990- |g Святослав Анатольевич |2 stltpush |3 (RuTPU)RU\TPU\pers\31865 | |
| 712 | 0 | 2 | |a Национальный исследовательский Томский политехнический университет |b Инженерная школа энергетики |b Научно-образовательный центр И. Н. Бутакова (НОЦ И. Н. Бутакова) |h 8025 |2 stltpush |3 (RuTPU)RU\TPU\col\23504 |
| 801 | 2 | |a RU |b 63413507 |c 20220707 |g RCR | |
| 856 | 4 | |u https://design.lms.tpu.ru/course/view.php?id=3061 | |
| 942 | |c CF | ||